000 00295nam a22001337a 4500
008 170616b xxu||||| |||| 00| 0 eng d
020 _a9780393113853
041 _aeng
080 _210TH
_a328
100 _a20
101 _aSHP
245 _aAMERICAN GOVERNMENT
_cLOWI,TH.J
942 _2udc
_cBK
999 _c17825
_d17825